All Named Dinosaurs in Jurassic Park - Statistics

General Stats
  • This quiz has been taken 67 times
    59 since last reset
  • The average score is 12 of 21
Answer Stats
Picture Answer % Correct
Blue
100%
Rexy
86%
Delta
78%
Echo
75%
Beta
72%
Charlie
72%
Indominus Rex
69%
Bumpy
67%
Indoraptor
67%
Ghost
53%
Toro
53%
Stegoceratops
50%
Angel
47%
Scorpius Rex
47%
Tiger
47%
Grim
44%
Panthera
44%
Red
44%
Chaos
42%
Limbo
42%
Rebel
39%
No matching quizzes found
Score Distribution
Percent of People with Each Score
Percentile by Number Answered
Your Score History
You have not taken this quiz since the last reset